[Event "World Senior 65+ 2014"]
[Site "Katerini GRE"]
[Date "2014.10.25"]
[Round "2.27"]
[White "Davydov, Mihail"]
[Black "Hernandez M., Emilio Gustavo"]
[Result "1/2-1/2"]
[WhiteElo "2076"]
[BlackElo "1801"]
[WhiteFideId "4679962"]
[BlackFideId "3901475"]
[EventDate "2014.10.24"]

1. c4 Nf6 2. Nc3 e6 3. g3 c6 4. e4 d5 5. cxd5 exd5 6. e5 d4 7. exf6 dxc3 8. fxg7
cxd2+ 9. Qxd2 Qxd2+ 10. Bxd2 Bxg7 11. Bc3 Bxc3+ 12. bxc3 Be6 13. Nf3 Nd7 14. Be2
O-O 15. O-O-O Nb6 16. Rd2 Rfd8 17. Rhd1 1/2-1/2

[Event "World Senior 65+ 2014"]
[Site "Katerini GRE"]
[Date "2014.10.25"]
[Round "2.28"]
[White "Malmdin, Nils-Ake"]
[Black "Rubinstein, Mark"]
[Result "1-0"]
[WhiteTitle "FM"]
[WhiteElo "2208"]
[BlackElo "1931"]
[WhiteFideId "1701584"]
[BlackFideId "2807076"]
[EventDate "2014.10.24"]

1. e4 e6 2. d3 d5 3. Nd2 c5 4. Ngf3 Nc6 5. g3 g6 6. Bg2 Bg7 7. O-O b6 8. Re1
Nge7 9. a3 O-O 10. Rb1 a5 11. Qe2 Qc7 12. e5 h6 13. h4 Ba6 14. c3 Rab8 15. Nf1
Kh7 16. Bf4 Rfd8 17. N1h2 d4 18. c4 Rf8 19. Ng4 h5 20. Nf6+ Kh8 21. Ng5 Nf5 22.
Bf3 Bh6 23. Bxh5 gxh5 24. Qxh5 Kg7 25. g4 Nce7 26. gxf5 Nxf5 27. Ngh7 Bxf4 28.
Qg4+ Kh8 29. Qxf4 Rg8+ 30. Ng5 Rg6 31. Qg4 Rh6 32. h5 Bb7 33. b4 cxb4 34. axb4
axb4 35. Rxb4 Bc6 36. Reb1 Ng7 37. Rxb6 Rf8 38. Rb8 Rxb8 39. Rxb8+ Qxb8 40. Nxe6
fxe6 1-0

[Event "World Senior 65+ 2014"]
[Site "Katerini GRE"]
[Date "2014.10.25"]
[Round "2.29"]
[White "Kratschmer, Heinz"]
[Black "Choong, Liong-On Mark"]
[Result "1-0"]
[BlackTitle "CM"]
[WhiteElo "2109"]
[BlackElo "1921"]
[WhiteFideId "1606670"]
[BlackFideId "5806410"]
[EventDate "2014.10.24"]

1. d4 Nf6 2. Nf3 g6 3. Nc3 Bg7 4. e4 d6 5. Be2 Nbd7 6. e5 Ng8 7. Bf4 Nf8 8. O-O
d5 9. Qd2 h6 10. a4 Bg4 11. Nb5 Ne6 12. Be3 c6 13. Na3 h5 14. c4 Bxf3 15. Bxf3
Nh6 16. cxd5 cxd5 17. Nb5 Nf5 18. Nc3 Nc7 19. Be2 Nxe3 20. fxe3 Bh6 21. Bd3 e6
22. Qf2 O-O 23. Rae1 a6 24. Ne2 Ne8 25. Nf4 Ng7 26. h4 g5 27. hxg5 Bxg5 28. Qf3
f6 29. Ng6 Rf7 30. exf6 Rxf6 31. Qg3 h4 32. Qe5 Rc8 33. Nf4 Rh6 34. Ng6 Rh5 35.
Be2 Qc7 36. Bxh5 Qxe5 37. Nxe5 Nxh5 38. Nf3 Bh6 39. Nxh4 Ng3 40. Rf6 Bg7 41.
Rxe6 Rc2 42. Rb6 1-0

[Event "World Senior 65+ 2014"]
[Site "Katerini GRE"]
[Date "2014.10.25"]
[Round "2.30"]
[White "Korenevski, Oleg"]
[Black "Gromark, Per-Olof"]
[Result "1/2-1/2"]
[WhiteElo "1915"]
[BlackElo "2050"]
[WhiteFideId "3206386"]
[BlackFideId "1722433"]
[EventDate "2014.10.24"]

1. e4 c5 2. b3 Nc6 3. Bb2 e5 4. Nf3 d6 5. Bb5 Ne7 6. d3 a6 7. Bxc6+ Nxc6 8. O-O
g6 9. h3 Bg7 10. Nc3 O-O 11. Bc1 h6 12. a4 Be6 13. Bd2 Nb4 14. Na2 a5 15. Be3 f5
16. c4 Nc6 17. Nc3 Nd4 18. Bxd4 exd4 19. Nd5 fxe4 20. dxe4 Bxd5 21. exd5 Qf6 22.
Qd3 Qf5 23. Qxf5 1/2-1/2

[Event "World Senior 65+ 2014"]
[Site "Katerini GRE"]
[Date "2014.10.25"]
[Round "2.31"]
[White "Pitzl, Konstantinos"]
[Black "Haupt, Joachim"]
[Result "1/2-1/2"]
[WhiteElo "2048"]
[BlackElo "1874"]
[WhiteFideId "1627112"]
[BlackFideId "4698487"]
[EventDate "2014.10.24"]

1. Nf3 c5 2. g3 g6 3. Bg2 Bg7 4. d3 Nc6 5. e4 d6 6. c3 Bd7 7. O-O Qc8 8. Bf4 Nf6
9. Na3 Bh3 10. Ng5 Bxg2 11. Kxg2 a6 12. Nc4 Nd7 13. a4 b5 14. Nd2 O-O 15. Ngf3
Qb7 16. Qc2 Nf6 17. Kg1 Qd7 18. Kg2 Nh5 19. Be3 Qb7 20. h3 Nf6 21. Kh2 Rfb8 1/2-1/2

[Event "World Senior 65+ 2014"]
[Site "Katerini GRE"]
[Date "2014.10.25"]
[Round "2.32"]
[White "Urbanc, Vinko"]
[Black "Doubleday, William G."]
[Result "0-1"]
[WhiteElo "1849"]
[BlackElo "2057"]
[WhiteFideId "14607425"]
[BlackFideId "2682419"]
[EventDate "2014.10.24"]

1. e4 c5 2. Nf3 Nc6 3. d4 cxd4 4. Nxd4 Qb6 5. Nb3 Nf6 6. Bd3 e6 7. Nc3 Be7 8.
O-O a6 9. Be3 Qc7 10. a4 b6 11. f4 d6 12. Qf3 O-O 13. Rae1 Bb7 14. Nd4 Nb4 15.
Qg3 Kh8 16. Bf2 Nxd3 17. cxd3 Nd7 18. Rc1 Qb8 19. Rc2 Bf6 20. Rfc1 Qd8 21. b4
Rc8 22. Nf3 Qc7 23. d4 Qb8 24. e5 Be7 25. Ng5 h6 26. Qh3 dxe5 27. Nxe6 fxe6 28.
Qxe6 Qd6 29. d5 exf4 30. Ne4 Qxe6 31. dxe6 Ne5 32. Rxc8 Rxc8 33. Rxc8+ Bxc8 34.
Bxb6 Bxb4 35. Bc7 Nd3 36. Kf1 Bxe6 37. Ke2 Nc5 38. Nxc5 Bxc5 39. Bxf4 a5 40. Bc7
Bb4 41. h3 Bb3 42. g4 Bxa4 43. g5 hxg5 44. Bd8 Bd7 0-1

[Event "World Senior 65+ 2014"]
[Site "Katerini GRE"]
[Date "2014.10.25"]
[Round "2.33"]
[White "Rave, Avraham"]
[Black "Khazankin, Moisei"]
[Result "0-1"]
[WhiteElo "1838"]
[BlackElo "2039"]
[WhiteFideId "2805367"]
[BlackFideId "14115271"]
[EventDate "2014.10.24"]

1. d4 Nf6 2. c4 c5 3. Nf3 cxd4 4. Nxd4 Nc6 5. Nf3 g6 6. Nc3 Bg7 7. e4 d6 8. h3
O-O 9. Bd3 Nd7 10. Be3 Nde5 11. Nxe5 Nxe5 12. Be2 Be6 13. Nd5 Rc8 14. Bd4 Nc6
15. Bxg7 Kxg7 16. O-O Bd7 17. a3 e5 18. Ne3 Nd4 19. Bg4 f5 20. exf5 gxf5 21. Be2
Kh8 22. Nc2 Ba4 23. Rc1 Rg8 24. Bf3 Rxc4 25. Bd5 Rxc2 26. Bxg8 Qxg8 27. Rxc2
Bxc2 28. Qh5 Be4 29. f3 Ne2+ 30. Kf2 Nf4 31. Qh6 Qxg2+ 32. Ke1 0-1

[Event "World Senior 65+ 2014"]
[Site "Katerini GRE"]
[Date "2014.10.25"]
[Round "2.34"]
[White "Lelis, Janis"]
[Black "Krstic, Slobodan AUS"]
[Result "1-0"]
[WhiteElo "1846"]
[BlackElo "2038"]
[WhiteFideId "11604328"]
[BlackFideId "3203379"]
[EventDate "2014.10.24"]

1. d4 e6 2. c4 h6 3. Nc3 g5 4. e4 Bg7 5. Be3 d6 6. Bd3 Nc6 7. Nge2 e5 8. d5 Nd4
9. Rc1 c5 10. dxc6 bxc6 11. Bb1 c5 12. f3 Ne7 13. Nd5 Ng6 14. O-O O-O 15. b4 Be6
16. bxc5 dxc5 17. Bf2 Rb8 18. Nxd4 exd4 19. Qa4 Rb7 20. Bg3 Be5 21. Bxe5 Nxe5
22. f4 gxf4 23. Nxf4 Qb6 24. Nd5 Qd8 25. Qa3 Qg5 26. Qxc5 Rc8 27. Qxd4 Rxc4 28.
Qe3 Qg7 29. Rcd1 Ng4 30. Qg3 Bxd5 31. Rxd5 Rc3 32. Rd8+ Kh7 33. e5+ Rxb1 34.
Qxc3 Rxf1+ 35. Kxf1 Nxh2+ 36. Kg1 Ng4 37. Qd3+ 1-0

[Event "World Senior 65+ 2014"]
[Site "Katerini GRE"]
[Date "2014.10.25"]
[Round "2.35"]
[White "Borwell, Alan P"]
[Black "Pihlajamaki, Antti"]
[Result "1/2-1/2"]
[WhiteElo "2032"]
[BlackElo "1863"]
[WhiteFideId "2402335"]
[BlackFideId "503290"]
[EventDate "2014.10.24"]

1. e4 c5 2. Nf3 Nc6 3. d4 cxd4 4. Nxd4 e5 5. Nxc6 bxc6 6. Bc4 Nf6 7. Bg5 Be7 8.
Nc3 O-O 9. O-O d6 10. Qe2 Be6 11. Bb3 Qc7 12. Rad1 Bxb3 13. axb3 Ne8 14. Be3 Kh8
15. f4 exf4 16. Bxf4 Bf6 17. Bxd6 Nxd6 18. e5 Qb6+ 19. Kh1 Rae8 20. Na4 Qb8 21.
Rxf6 gxf6 22. Qf3 f5 23. exd6 Qxd6 24. h3 Qg6 25. Nc5 Rg8 26. Nd3 Re4 27. Ra1
Re3 28. Nf4 Qg3 29. Qxg3 Rexg3 30. Rxa7 Re3 31. Rc7 Re1+ 32. Kh2 Re4 33. Nh5 Re2
34. Nf4 Rxc2 35. Rxf7 Rxb2 36. Rxf5 Rxb3 37. Rc5 Rb6 38. g4 Re8 39. Kg3 Rb3+ 40.
Kh4 Rc8 41. Ne6 Rb5 42. Rc4 Re5 43. Nc5 Rd8 44. Ne4 Kg7 45. Ra4 Rd7 46. g5 c5
47. Kh5 h6 48. h4 hxg5 49. hxg5 Rc7 50. Rc4 Rc8 51. Ra4 Rc7 52. Rc4 Rd5 53. Nf6
Rd8 54. Ne4 Rh8+ 55. Kg4 Rhc8 56. Kf5 1/2-1/2

[Event "World Senior 65+ 2014"]
[Site "Katerini GRE"]
[Date "2014.10.25"]
[Round "2.36"]
[White "Carlsten, Peter"]
[Black "Topaloglu, Hayati"]
[Result "1-0"]
[WhiteElo "2031"]
[BlackElo "1848"]
[WhiteFideId "1705067"]
[BlackFideId "6310338"]
[EventDate "2014.10.24"]

1. e4 e6 2. d4 d5 3. Nc3 Nf6 4. Bg5 Be7 5. e5 Nfd7 6. Bxe7 Qxe7 7. Bd3 c5 8. Nb5
Na6 9. Nd6+ Kd8 10. c3 cxd4 11. cxd4 Nb4 12. Bb1 f5 13. Nf3 Nb6 14. Ng5 Kc7 15.
Ngf7 Rf8 16. Nb5+ Kb8 17. Nfd6 Bd7 18. O-O Bxb5 19. Nxb5 a6 20. Nc3 Ka7 21. a4
Rac8 22. f4 Nc4 23. Qe2 Nc6 24. Qf2 Qb4 25. Ra2 Qb6 26. Rd1 Nb4 27. Ra1 Rf7 28.
Bd3 Nxd3 29. Rxd3 Qxb2 30. Qe1 Ka8 31. a5 Rfc7 32. Na4 Qc2 33. Nc5 Rxc5 34. Rc3
Qd2 35. Qxd2 Nxd2 36. Rxc5 Rxc5 37. dxc5 Nb3 38. Ra3 Nd4 39. Kf2 Kb8 40. Rh3 h6
41. Rg3 g5 42. fxg5 hxg5 43. Rxg5 Nb3 44. h4 Nxc5 45. Ke3 Kc7 46. h5 Kc6 47. h6
Nb3 48. h7 d4+ 49. Kd3 Kd5 50. h8=Q Nc5+ 51. Kc2 d3+ 52. Kd2 Kd4 53. Qd8+ Kxe5
54. Ke3 1-0

[Event "World Senior 65+ 2014"]
[Site "Katerini GRE"]
[Date "2014.10.25"]
[Round "2.37"]
[White "Shamis, Mordehay"]
[Black "Blaushtain, Boris"]
[Result "0-1"]
[WhiteElo "1824"]
[BlackElo "2018"]
[WhiteFideId "2808374"]
[BlackFideId "2804638"]
[EventDate "2014.10.24"]

1. d4 Nf6 2. c4 e6 3. Nc3 d5 4. Bg5 Nbd7 5. e3 c6 6. cxd5 exd5 7. Bd3 Bd6 8.
Nge2 O-O 9. h3 Re8 10. O-O h6 11. Bf4 Nf8 12. Qc2 Ne6 13. Bxd6 Qxd6 14. Ng3 Ng5
15. Rae1 Bd7 16. Bf5 Rad8 17. Bxd7 Qxd7 18. b4 g6 19. a4 Nxh3+ 20. Kh2 Ng5 21.
f3 Qd6 22. b5 h5 23. f4 Ng4+ 24. Kg1 Nxe3 25. Rxe3 Rxe3 26. Nxh5 Nh7 27. Nd1 Ra3
28. bxc6 bxc6 29. Nc3 gxh5 30. Rf3 Ra1+ 31. Kh2 Nf6 32. Qf5 Ng4+ 0-1

[Event "World Senior 65+ 2014"]
[Site "Katerini GRE"]
[Date "2014.10.25"]
[Round "2.38"]
[White "Awawdeh, Fayez"]
[Black "Filzmaier, Bruno"]
[Result "1-0"]
[WhiteTitle "FM"]
[WhiteElo "2012"]
[BlackElo "1846"]
[WhiteFideId "8100721"]
[BlackFideId "1607685"]
[EventDate "2014.10.24"]

1. d4 e6 2. c4 d5 3. Nf3 Nf6 4. Bg5 Nbd7 5. Nc3 c6 6. e3 Qa5 7. a3 Ne4 8. Qa4
Qxa4 9. Nxa4 dxc4 10. Nc3 Nxc3 11. bxc3 b5 12. Be2 Bb7 13. O-O Bd6 14. Rfb1 O-O
15. Bxc4 a6 16. Bd3 h6 17. Bh4 c5 18. Nd2 g5 19. Bg3 Bxg3 20. hxg3 Bc6 21. f3 c4
22. Bc2 Nb6 23. e4 Rfb8 24. Kf2 Rb7 25. g4 Rab8 26. Ke3 Kg7 27. g3 Re8 28. f4 f5
29. fxg5 hxg5 30. Nf3 fxe4 31. Bxe4 Bxe4 32. Kxe4 Nd5 33. Rc1 Nf6+ 34. Ke3 Nxg4+
35. Kd2 Kg6 36. Rab1 Rf7 37. Rf1 Ref8 38. Ke2 Rf5 39. Rbd1 Rd8 40. Rh1 Rdf8 41.
Rhf1 R8f7 42. Rd2 e5 43. dxe5 Nxe5 44. Rd6+ R7f6 45. Rxf6+ Kxf6 46. Nd4 Rxf1 47.
Kxf1 Nd3 48. Ke2 Nc5 49. Ke3 Na4 50. Ne2 Kf5 51. Kf3 g4+ 52. Ke3 Nb6 53. Kd4 Na4
54. Nf4 Nb2 55. Nd5 a5 56. Ne7+ Ke6 57. Nc6 Kd7 58. Ne5+ Kd6 59. Nxg4 Nd3 60.
Ne3 Nc1 61. Nf5+ Ke6 62. Ke4 b4 63. cxb4 axb4 64. axb4 Na2 65. Nd4+ Kd6 66. Nc2
Kc6 67. g4 Kb5 68. g5 Nxb4 69. Nxb4 Kxb4 70. g6 c3 71. Kd3 1-0

[Event "World Senior 65+ 2014"]
[Site "Katerini GRE"]
[Date "2014.10.25"]
[Round "2.39"]
[White "Booth, Anthony"]
[Black "Chirinos Cabrera, Cleren Jesus"]
[Result "1-0"]
[BlackTitle "CM"]
[WhiteElo "1796"]
[BlackElo "2009"]
[WhiteFideId "4302699"]
[BlackFideId "3900150"]
[EventDate "2014.10.24"]

1. e4 d6 2. Nf3 Nf6 3. Nc3 c6 4. d4 Qc7 5. e5 dxe5 6. dxe5 Ng4 7. Bf4 g6 8. h3
Nh6 9. Qd2 Nf5 10. g4 Ng7 11. e6 Qa5 12. exf7+ Kxf7 13. Bc4+ Ke8 14. Ng5 e6 15.
Qe2 Qb4 16. O-O-O b5 17. Nxb5 cxb5 18. Bxb5+ Bd7 19. Bxd7+ Nxd7 20. Nxe6 Nxe6
21. Qxe6+ Be7 22. Bd6 1-0

[Event "World Senior 65+ 2014"]
[Site "Katerini GRE"]
[Date "2014.10.25"]
[Round "2.40"]
[White "Susanto, Budhi"]
[Black "Benson, Lachlan"]
[Result "0-1"]
[WhiteElo "1724"]
[BlackElo "1998"]
[WhiteFideId "7104979"]
[BlackFideId "3205410"]
[EventDate "2014.10.24"]

1. d4 Nf6 2. Nf3 d5 3. Bg5 Ne4 4. Bh4 c5 5. c3 Qb6 6. Qb3 Qxb3 7. axb3 Nc6 8. e3
e6 9. Bb5 Bd7 10. Nbd2 Nxd2 11. Nxd2 Bd6 12. O-O O-O 13. c4 a6 14. Bxc6 Bxc6 15.
Rac1 cxd4 16. exd4 Bf4 17. Rc2 f6 18. Re1 Rfe8 19. Nf1 Rad8 20. c5 Bb5 21. Ne3
e5 22. dxe5 Rxe5 23. Bg3 Bxg3 24. hxg3 d4 25. Rd1 Rd7 26. Ng4 Re2 27. Rcd2 Rxd2
28. Rxd2 Kf7 29. f4 Ke6 30. Nf2 Kd5 31. b4 Kc4 32. Ne4 Kxb4 33. Kf2 Bc6 34. Nd6
Kxc5 35. Nc8 Be4 36. Rd1 Kb4 37. Nb6 Rd8 38. Rc1 Bc6 39. Nc4 Bb5 40. Nd2 Re8 41.
Nf3 Re2+ 42. Kg1 d3 43. Nd4 Rxb2 44. Rd1 d2 45. Kf2 Ba4 0-1

[Event "World Senior 65+ 2014"]
[Site "Katerini GRE"]
[Date "2014.10.25"]
[Round "2.41"]
[White "Andreas, Guenter"]
[Black "Zurel, Maxim"]
[Result "1-0"]
[WhiteElo "1992"]
[BlackElo "1725"]
[WhiteFideId "24625760"]
[BlackFideId "816710"]
[EventDate "2014.10.24"]

1. e4 e5 2. Nf3 Nc6 3. Bc4 Be7 4. c3 Nf6 5. d4 d6 6. h3 O-O 7. Qe2 h6 8. O-O Nh7
9. Rd1 Bf6 10. dxe5 Bxe5 11. Bb5 Qe7 12. Nxe5 Nxe5 13. Bf4 Ng6 14. Bg3 Nf6 15.
Nd2 Bd7 16. a4 Rfe8 17. Re1 a6 18. Bd3 Bc6 19. b4 Ne5 20. Bc2 Qd7 21. f4 Ng6 22.
Qf2 Re7 23. e5 dxe5 24. fxe5 Nh7 25. Nf3 Bxf3 26. Qxf3 c6 27. Rad1 Ng5 28. Qe3
Qe8 29. h4 Ne6 30. h5 Ngf8 31. Rd6 Rd8 32. Red1 Rxd6 33. exd6 Rd7 34. c4 Qd8 35.
c5 Qg5 36. Qf3 Nh7 37. Re1 Nf6 38. Bd1 Nxh5 39. Qxh5 Qxg3 40. Rxe6 Qd3 41. Re1
Qd4+ 42. Kf1 Qf4+ 43. Qf3 Qc4+ 44. Kg1 Qd4+ 45. Qe3 Qxb4 46. Qe8+ Kh7 47. Qe4+
Qxe4 48. Rxe4 Kg6 49. Re7 Rd8 50. Rxb7 Rc8 51. Bf3 Kf6 52. Bxc6 Rxc6 53. Rc7 1-0

[Event "World Senior 65+ 2014"]
[Site "Katerini GRE"]
[Date "2014.10.25"]
[Round "2.42"]
[White "Robinson, John K"]
[Black "Hmooda, Elhabib"]
[Result "1-0"]
[WhiteElo "1983"]
[BlackElo "1718"]
[WhiteFideId "406490"]
[BlackFideId "9202528"]
[EventDate "2014.10.24"]

1. d4 d5 2. Nf3 Nf6 3. c4 c6 4. Nc3 Bg4 5. Ne5 Nbd7 6. Nxg4 Nxg4 7. e4 h5 8.
cxd5 cxd5 9. Nxd5 Ngf6 10. Nxf6+ exf6 11. Be2 g6 12. O-O Bg7 13. Be3 O-O 14. f4
Re8 15. Bf3 Nb6 16. Qb3 Rc8 17. Rac1 Qd7 18. e5 f5 19. d5 Rxc1 20. Rxc1 Nc8 21.
d6 Nb6 22. Rc7 Qe6 23. Qxe6 fxe6 24. Bxb6 axb6 25. d7 1-0

[Event "World Senior 65+ 2014"]
[Site "Katerini GRE"]
[Date "2014.10.25"]
[Round "2.43"]
[White "Keze, Arnis"]
[Black "Ben-Zeev, Moshe"]
[Result "0-1"]
[WhiteElo "1684"]
[BlackElo "1963"]
[WhiteFideId "4165845"]
[BlackFideId "2807203"]
[EventDate "2014.10.24"]

1. d4 d5 2. Nf3 Nf6 3. c4 c6 4. Nc3 e6 5. Bg5 h6 6. Bh4 Nbd7 7. cxd5 exd5 8. e3
Bb4 9. Bd3 O-O 10. Rc1 Re8 11. O-O Qa5 12. Bb1 Bxc3 13. Rxc3 Ne4 14. Qd3 Nf8 15.
Ra3 Qb4 16. Rc1 Bf5 17. Rb3 Qd6 18. Rxb7 g5 19. Bxg5 hxg5 20. Nxg5 Re7 21. Qa6
Bc8 22. Rxe7 Bxa6 23. Rxf7 Nxg5 24. Rf5 Nfe6 25. h4 Ne4 26. f4 Ng3 27. Rc3 Nxf5
28. Bxf5 Rf8 29. Bh3 Nxf4 30. exf4 Rxf4 31. g3 Rxd4 32. Re3 Rd3 33. Re8+ Kf7 34.
Ra8 Qxg3+ 35. Kh1 Rd1+ 0-1

[Event "World Senior 65+ 2014"]
[Site "Katerini GRE"]
[Date "2014.10.25"]
[Round "2.44"]
[White "Belokopyt, Boris"]
[Black "Mitsakos, Achilleas"]
[Result "1/2-1/2"]
[WhiteElo "1940"]
[BlackElo "1584"]
[WhiteFideId "4152530"]
[BlackFideId "4207726"]
[EventDate "2014.10.24"]

1. e4 d6 2. d4 g6 3. f4 Bg7 4. Nf3 Nd7 5. Bc4 e6 6. O-O Ne7 7. Nc3 O-O 8. d5 Nb6
9. Bb3 Bd7 10. dxe6 Bxe6 11. Bxe6 fxe6 12. Ng5 Qd7 13. Qg4 Rf6 14. Be3 e5 15.
Qh4 h6 16. Nh3 Nc4 17. Bc1 Raf8 18. b3 g5 19. Qe1 Nb6 20. f5 d5 21. Ba3 d4 22.
Ne2 g4 23. Nf2 h5 24. Nd3 Rh6 25. Nc5 Qc6 26. Ne6 Re8 27. Qh4 Bf6 28. Qf2 Kf7
29. Bc1 Rh7 30. Bg5 h4 31. Bxf6 Kxf6 32. N2xd4 Qc3 33. Nb5 Qc6 34. c4 Reh8 35.
Qe2 Rg8 36. Nbxc7 Nec8 37. Nd5+ Nxd5 38. cxd5 Qb6+ 39. Qf2 Qxf2+ 40. Kxf2 g3+
41. hxg3 Rxg3 42. Rh1 Nd6 43. Rxh4 Rxg2+ 44. Kxg2 Rxh4 45. Rh1 Rxh1 46. Kxh1
Nxe4 47. Kg2 Kxf5 48. Kf3 Nc3 49. Ng7+ Kf6 50. d6 Kf7 51. Ke3 Nb5 52. Ke4 Nxd6+
53. Kxe5 Ke7 54. Kd5 Kd7 55. a4 Nc8 56. Nh5 Ne7+ 57. Kc5 Kc7 58. Nf4 Kd7 59. b4
Nc8 60. Nd5 Ne7 61. Nc3 Nc8 62. Ne4 Kc7 63. a5 b6+ 64. Kb5 bxa5 65. bxa5 Kb8 66.
Nc5 Nd6+ 67. Kc6 Nc4 68. a6 Nb6 69. Ne6 Nc8 70. Nc5 Ne7+ 71. Kd7 Nd5 72. Kd8 Nb4
73. Nd7+ Ka8 74. Nc5 Nxa6 75. Nxa6 1/2-1/2

[Event "World Senior 65+ 2014"]
[Site "Katerini GRE"]
[Date "2014.10.25"]
[Round "2.45"]
[White "Borensztajn, David"]
[Black "Rozewicz, Joseph"]
[Result "1-0"]
[WhiteElo "1940"]
[BlackElo "1576"]
[WhiteFideId "2106817"]
[BlackFideId "403318"]
[EventDate "2014.10.24"]

1. Nf3 d5 2. g3 Nf6 3. Bg2 Nc6 4. d3 e6 5. O-O Be7 6. Nbd2 O-O 7. e4 dxe4 8.
dxe4 e5 9. c3 h6 10. Qe2 Bd6 11. Re1 Re8 12. h3 a6 13. Nf1 Be6 14. g4 g5 15. Ng3
Qc8 16. Nf5 Bf8 17. Be3 Rd8 18. Nh2 Kh7 19. Qf3 Ng8 20. Qg3 f6 21. h4 Rd7 22.
hxg5 hxg5 23. Nf3 Kg6 24. Rad1 Qe8 25. Rxd7 Qxd7 26. Bf1 Rd8 27. b3 Qh7 28. Be2
Bh6 29. Kg2 Bxf5 30. gxf5+ Kf7 31. Rh1 Qg7 32. Bc4+ Ke8 33. Bxg8 1-0

[Event "World Senior 65+ 2014"]
[Site "Katerini GRE"]
[Date "2014.10.26"]
[Round "3.1"]
[White "Pritchett, Craig W"]
[Black "Vaisser, Anatoly"]
[Result "0-1"]
[WhiteTitle "IM"]
[BlackTitle "GM"]
[WhiteElo "2315"]
[BlackElo "2531"]
[WhiteFideId "2400065"]
[BlackFideId "603252"]
[EventDate "2014.10.24"]

1. Nf3 f5 2. d4 Nf6 3. g3 e6 4. Bg2 d5 5. O-O Bd6 6. c4 c6 7. b3 Qe7 8. Bb2 b6
9. Qc2 O-O 10. Nbd2 a5 11. Ne5 Bb7 12. Ndf3 Rc8 13. Rfc1 Na6 14. e3 Ne4 15. Qe2
Rc7 16. Nd3 Nb4 17. Nfe5 c5 18. dxc5 bxc5 19. Nf4 Nc6 20. Nxc6 Bxc6 21. cxd5
exd5 22. Rd1 Qf7 23. Bxe4 fxe4 24. Nxd5 Bxd5 25. Qd2 Bxb3 26. axb3 Bf8 27. Be5
Rb7 28. Rxa5 Re8 29. Qd5 Qxd5 30. Rxd5 Rxb3 31. Ra7 Rb6 32. Rc7 Ree6 33. Kg2
Rbc6 34. Rxc6 Rxc6 35. Bc3 Re6 36. f3 exf3+ 37. Kxf3 Be7 38. e4 Kf7 39. Ke3 g6
40. h4 h5 41. e5 Ra6 42. Rd2 Ke6 43. Rf2 Ra3 44. Kd3 Ra4 45. Ke3 Rg4 46. Kf3 Rc4
47. Rc2 Bd8 48. Rc1 Ba5 49. Bb2 Rxc1 50. Bxc1 Kxe5 51. g4 Bd8 52. gxh5 gxh5 53.
Bb2+ Kd5 54. Kg3 Ke4 55. Bc3 c4 56. Bb4 Kd3 57. Kh3 Bc7 58. Be1 Bf4 59. Bb4 Bd2
60. Ba3 c3 61. Kg3 Kc4 62. Kf2 Kb3 0-1

[Event "World Senior 65+ 2014"]
[Site "Katerini GRE"]
[Date "2014.10.26"]
[Round "3.2"]
[White "Filipenko, Alexander V"]
[Black "Vasiukov, Evgeni"]
[Result "1/2-1/2"]
[WhiteTitle "IM"]
[BlackTitle "GM"]
[WhiteElo "2292"]
[BlackElo "2448"]
[WhiteFideId "4104471"]
[BlackFideId "4100522"]
[EventDate "2014.10.24"]

1. e4 c5 2. Nf3 Nc6 3. d4 cxd4 4. Nxd4 Nf6 5. Nc3 d6 6. Bg5 Qb6 7. Be3 Bd7 8.
Nxc6 Qxc6 9. Bb5 Qc7 10. Bxd7+ Qxd7 11. Bd4 e6 12. Bxf6 gxf6 13. O-O Qc6 14. Qd4
Be7 15. a4 a6 16. Rfd1 Rc8 17. Ra3 Qc5 18. Rb3 Rc7 19. Qxc5 dxc5 20. Ne2 c4 21.
Rh3 Rc5 22. Nc3 Bd8 23. b4 cxb3 24. cxb3 Ba5 25. Ne2 Ke7 26. Rhd3 Rd8 27. Rxd8
Bxd8 28. Rc1 Kd6 29. Rd1+ Ke7 30. Rc1 Kd6 31. Rd1+ Ke7 1/2-1/2

[Event "World Senior 65+ 2014"]
[Site "Katerini GRE"]
[Date "2014.10.26"]
[Round "3.3"]
[White "Vogel, Jaap"]
[Black "Kupreichik, Viktor D"]
[Result "1/2-1/2"]
[WhiteTitle "FM"]
[BlackTitle "GM"]
[WhiteElo "2239"]
[BlackElo "2405"]
[WhiteFideId "1000764"]
[BlackFideId "13500066"]
[EventDate "2014.10.24"]

1. d4 Nf6 2. Nf3 e6 3. c4 d5 4. e3 Be7 5. Nc3 O-O 6. Be2 c5 7. dxc5 dxc4 8. Qa4
Bxc5 9. Qxc4 b6 10. O-O Ba6 11. Qa4 Bxe2 12. Nxe2 Nbd7 13. Rd1 Qe7 14. Bd2 e5
15. Bc3 a6 16. Qh4 Qe6 17. Ng3 h6 18. e4 Ng4 19. Be1 Be7 20. Qh3 g6 21. Ne2 Ndf6
22. Nc3 Bc5 23. b4 Bxb4 24. Nd5 Bc5 25. Nc7 Qc8 26. Nxa8 Qxa8 27. Qh4 Qxe4 28.
h3 g5 29. Nxg5 1/2-1/2

[Event "World Senior 65+ 2014"]
[Site "Katerini GRE"]
[Date "2014.10.26"]
[Round "3.4"]
[White "Lederman, Leon"]
[Black "Suba, Mihai"]
[Result "0-1"]
[WhiteTitle "IM"]
[BlackTitle "GM"]
[WhiteElo "2233"]
[BlackElo "2341"]
[WhiteFideId "2800403"]
[BlackFideId "1203363"]
[EventDate "2014.10.24"]

1. e4 c5 2. Nf3 d6 3. d4 Nf6 4. Nc3 cxd4 5. Nxd4 e6 6. Be2 a6 7. a4 Qc7 8. O-O
Be7 9. Kh1 O-O 10. f4 b6 11. Bf3 Bb7 12. Qe1 Nc6 13. Nb3 Rfe8 14. Be3 Bf8 15.
Qf2 Nd7 16. Rfd1 Rab8 17. Rd2 Na5 18. Nxa5 bxa5 19. Ba7 Ra8 20. Be3 Rab8 21. Ba7
Rbc8 22. Be3 Ba8 23. Ne2 Rb8 24. b3 Rec8 25. Rad1 Nc5 26. Ng3 Rb4 27. Bd4 g6 28.
Nh5 Nd7 29. Ng3 Be7 30. Bb2 Nc5 31. e5 d5 32. Bd4 Nd7 33. Qe3 Bc5 34. Ne2 Bf8
35. g4 Nc5 36. Ng3 Qb7 37. f5 Qe7 38. Nh5 Qh4 39. Nf6+ Kh8 40. fxg6 fxg6 41. Rg1
Ne4 42. Bxe4 dxe4 43. Rg3 Bh6 44. g5 Rd8 45. Rh3 Qxh3 0-1

[Event "World Senior 65+ 2014"]
[Site "Katerini GRE"]
[Date "2014.10.26"]
[Round "3.5"]
[White "Van Riemsdijk, Herman C."]
[Black "Gergel, Vladimir P"]
[Result "0-1"]
[WhiteTitle "IM"]
[BlackTitle "FM"]
[WhiteElo "2339"]
[BlackElo "2202"]
[WhiteFideId "2100053"]
[BlackFideId "14100550"]
[EventDate "2014.10.24"]

1. e4 e5 2. Nf3 Nc6 3. Be2 d6 4. d4 Be7 5. Nc3 Nf6 6. h3 O-O 7. O-O Re8 8. Re1
h6 9. Bf1 Bf8 10. g3 Bd7 11. Bg2 g6 12. Be3 Bg7 13. Qd2 Kh7 14. Rad1 a6 15. a3
exd4 16. Nxd4 Nxd4 17. Bxd4 Bc6 18. e5 dxe5 19. Bxc6 bxc6 20. Bxe5 Qxd2 21. Rxd2
Nd5 22. Nxd5 cxd5 23. Rxd5 Rab8 24. b4 Rb5 25. Rxb5 axb5 26. f4 f6 27. Bc3 Rxe1+
28. Bxe1 f5 29. c3 Kg8 30. Kf2 Kf7 31. Ke3 Ke6 32. Kd3 Kd5 33. Bf2 Bf8 34. Bd4
Bd6 35. Bg7 h5 36. h4 c5 37. Bf6 Bf8 38. c4+ bxc4+ 39. Kc3 cxb4+ 40. axb4 Bd6
41. Bg7 Bc7 42. Bd4 Bd8 43. Bf2 Bf6+ 44. Kc2 Kc6 45. Be1 Kb5 0-1